| 000 | 00714cab a2200229 4500 | ||
|---|---|---|---|
| 001 | WB3444-41 | ||
| 008 | 090401t1998 xxu||||| |||| 00| 0 eng d | ||
| 035 | _a(Sirsi) u89732 | ||
| 041 | _aeng | ||
| 245 | 2 | _aA little list | |
| 260 | _c1998 | ||
| 350 | _a0 | ||
| 490 |
_aIndependent on Sunday _v15 November 1998, 12(1) |
||
| 520 | _aMany housebuyers do not realise the full implications of purchasing a listed building, which can mean that they are unprepared for the restrictions which are entailed. | ||
| 650 | _aHISTORIC BUILDINGS | ||
| 650 | _aLISTED BUILDINGS | ||
| 650 | _aLISTING | ||
| 650 | _aPLANNING RESTRICTIONS | ||
| 690 | _aPLANNING LAW AND PRACTICE | ||
| 942 | _n0 | ||
| 948 | _c17/11/1998 | ||
| 999 |
_c56789 _d56789 |
||